Adrián Goizueta y mi grupo experimental: veinte años de la nueva canción costarricense /

Guardado en:
Bibliografiske detaljer
Hovedforfatter: Cortés, María Lourdes
Format: Bog
Sprog:Spanish
Fag:
Tags: Tilføj Tag
Ingen Tags, Vær først til at tagge denne postø!

MARC

LEADER 00000nam a22000007a 4500
008 180314b xxu||||| |||| 00| 0 spa d
041 0 |a spa 
082 0 4 |a 780.972.86  |b C828a 
100 1 |a Cortés, María Lourdes  
245 |a Adrián Goizueta y mi grupo experimental:  |b veinte años de la nueva canción costarricense /  |c María Lourdes Cortés 
300 |a 252 páginas  
500 |a Donación Alvaro Quesada  
650 |a MUSICA COSTARRICENSE   |x HISTORIA Y CRITICA 
942 |2 ddc  |c BK 
999 |c 21924  |d 21924